000 00702nam a22002537a 4500
001 66952
003 UA-OsUOA
005 20210109143432.0
007 ta
008 20100203b un ||||| |||| 00| 0 ukr d
020 _a966-8547-66-7
040 _aUA-OsUOA
_bukr
_cUA-OsUOA
_dUA-OsUOA
041 _aukr
080 _a821.161.2
090 _a821.161.2
_bГ85
100 _aГриньків Д.
245 _aСльоза калини
260 _aК.
_bПросвіта
_c2006
300 _a74 с.
650 7 _a82 Література. Літературознавство
_2UDC
942 _cBK
_2udc
955 _a3
999 _c353204
_d353204